| 000 | 00746nam a22002292 4500 | ||
|---|---|---|---|
| 001 | 0000021014 | ||
| 005 | 20151021152603.0 | ||
| 008 | 120109s xx 000 0 eng d | ||
| 020 | _a8177225273 : | ||
| 040 |
_aKABU _cKABU |
||
| 100 | 1 |
_aOsborn, Michael. _@0000181678 |
|
| 245 | 1 | 0 |
_aPublic speaking / _cMichael Osborn, Suzanne Osborn. |
| 250 | _a6th ed. [Indian adaption] | ||
| 260 |
_aNew Delhi : _bBiziantra, _c2004. |
||
| 300 | _axxi, 497 p. | ||
| 650 | 0 |
_aPublic speaking. _@0000152161 |
|
| 700 | 1 |
_aOsborn, Suzanne. _@0000181679 |
|
| 852 | 1 | _9p840 KES | |
| 852 | 1 | _9p840 KES | |
| 908 | _a120109 | ||
| 950 | _@1 | ||
| 999 |
_c1598 _d1598 |
||